Heimische Vogelarten mit Farbe im Namen - Statistiken

Allgemein
  • Dieses Quiz wurde 305 mal gespielt
    271 seit der letzten Aktualisierung
  • Das Durchschnittsergebnis liegt bei 16 aus 41
Antwortstatistiken
Farbe Antwort % Korrekt
Rot Rotkehlchen
94%
Blau Blaumeise
86%
Grün Grünspecht
84%
Gold Goldammer
72%
Grün Grünfink
69%
Grau Graureiher
67%
Weiß Weißstorch
63%
Silber Silberreiher
59%
Braun Braunkehlchen
58%
Schwarz Schwarzspecht
58%
Blau Blaukehlchen
53%
Rot Rotmilan
53%
Schwarz Schwarzstorch
53%
Rot Hausrotschwanz
51%
Rosa Rosaflamingo
50%
Rot Gartenrotschwanz
49%
Grau Graugans
48%
Purpur Purpurreiher
47%
Schwarz Schwarzkehlchen
47%
Grau Grauspecht
42%
Silber Silbermöwe
42%
Schwarz Schwarzmilan
41%
Gelb Gelbspötter
38%
Braun Heckenbraunelle
34%
Grau Grauammer
26%
Weiß Weißwangengans
26%
Braun Alpenbraunelle
23%
Gold Wintergoldhähnchen
23%
Gold Sommergoldhähnchen
22%
Rot Rothalsgans
19%
Rot Rotdrossel
15%
Gold Goldregenpfeifer
12%
Grau Grauschnäpper
11%
Rot Rotschenkel
11%
Schwarz Schwarzkopfmöwe
11%
Grün Grünschenkel
10%
Rot Rothalstaucher
10%
Schwarz Schwarzhalstaucher
9%
Weiß Weißrückenspecht
8%
Weiß Weißbartseeschwalbe
7%
Weiß Weißflügelseeschwalbe
7%
Keine übereinstimmenden Quizze gefunden
Verteilung der Resultate
Anzahl Personen mit jedem Resultat
Perzentil nach korrekt beantworteten Fragen
Ihre Resultats-Entwicklung
Sie haben dieses Quiz seit der letzten Aktualisierung nicht gespielt